000 00872nam0a22002651 4500
001 RU\NLR\INFOCOMM\LIB1\15533
005 20250617210054.0
035 _a(NLR Aleph) 004335998
090 _a3056098
_c3056098
100 _a20011204d1984 |||y0rusy50 ca
101 0 _afin
_drus
102 _aRU
105 _ay ||||000ay
200 1 _aKirje Annalle
_eKertomuksia
_fMatti Masajev
210 _aPetroskoi
_cKarjala-kustantamo
_d1984
215 _a189с.
_d17см
300 _aВ вып. дан.:Письмо Анне:Рассказы/ Мазаев Матти Владимирович
700 1 _4070
_7ba
_8rus
_aMazaev
_bM. V.
_f1926-2010
_gMatti Vladimirovič
_9267806
_3RU\NLR\AUTH\770267862
801 1 _aRU
_bInfoComm
_c20011204
801 0 _aRU
_bNLR
_gPSBO
_c19851110
852 _aNLR
_bН
_jФин/2-8706
942 _cBOOK
980 _aNB